000 01123nam a2200361 i 4500
001 bg
003 BPK
005 20191015090428.0
008 010130s2000 pl a f f |000 0 pol
015 _aPB 2001/1537
020 _a8301116048
040 _aWA N
_cBPK
041 1 _apol
_hrus
080 _a531/534
080 _a536.7
080 _a539.1
080 _a(075.8)
100 1 _aSavel'ev, Igor' Vladimirovič
245 1 0 _aWykłady z fizyki.
_nT. 1,
_pMechanika. Fizyka cząsteczkowa /
_cI. W. Sawieliew ; [z jęz. ros. tł. Helena Ratomska].
246 3 0 _aMechanika
246 3 0 _a Fizyka cząsteczkowa
246 1 _iTyt. oryg.:
_aKurs obŝej fiziki.
_nT. 1,
_pMehanika ; Molekulârnaâ fizika,
_f1982.
250 _aWyd. 4.
260 _aWarszawa :
_bWydaw. Naukowe PWN,
_c2000.
300 _a491, [1] s. :
_bil. ;
_c21 cm.
655 4 _aPodręczniki akademickie
650 4 _aMechanika
650 4 _aFizyka molekularna
650 4 _aTermodynamika
700 1 _aRatomska, Helena.
_eTł.
710 2 _aWydawnictwo Naukowe PWN
_4pbl.
942 _2UKD
_cKS
999 _c38093
_d38093